000 00389nam a2200157Ia 4500
008 230524s9999 xx 000 0 und d
082 _bMOH
100 _aPitabas Mohanty
_942703
245 0 _aSpreadsheet Skills for Finance Professionals
250 _a1
260 _aNew Delhi
_bTaxman
_c2016
300 _a334p;
500 _aQuantity Number: 1
650 _aEconomics
942 _cBK
999 _c57691
_d57691